000 00708nas a2200229 4500
001 BR9212950
003 BR-BrBNA
005 20231205095202.0
007 ta
008 230509b bl.|||p| |||| 00| 00por d
040 _aBR-BrBNA
_bpor
_cBiblioteca Nacional de Agricultura
041 _a(Pt)
072 _aK10
100 1 _aAnon.
245 1 _aA motoserra na exploracao florestal aspectos ergonomicos no seu uso: a seguranca e a medicina do trabalho
650 _aExploracao Florestal
650 _aMadeira
650 _aSerra
773 0 _tRevista da Madeira (Brazil)
_xISSN 0034-7582
_g(May 1983), v. 32(377) p. 12-16
_wBR9212950
909 _a202311
_bLúcia
_c55
_dLúcia Elande
942 _2AGRIS
_n0
_cANA
999 _c149156
_d149156